Normal view
MARC view
- Younas Javed
Entry Personal Name
001 - CONTROL NUMBER
- control field: 76946
003 - CONTROL NUMBER IDENTIFIER
- control field: NUST
005 - DATE AND TIME OF LATEST TRANSACTION
- control field: 20210628205748.0
008 - FIXED-LENGTH DATA ELEMENTS
- fixed length control field: 210628|| aca||aabn | a|a d
040 ## - CATALOGING SOURCE
- Original cataloging agency: NUST
- Transcribing agency: NUST
100 ## - HEADING--PERSONAL NAME
- Personal name: Younas Javed
670 ## - SOURCE DATA FOUND
- Source citation: Work cat.: (NUST): Younas Javed, Teaz hawa ka shoar, 1989
